Proyectos integrados en la E.G.B
Guardat en:
| Autor principal: | |
|---|---|
| Format: | Llibre |
| Idioma: | espanyol |
| Publicat: |
Buenos Aires
Paidós
2001
|
| Col·lecció: | Biblioteca de Cuestiones de Educación, 34
|
| Matèries: | |
| Etiquetes: |
Afegir etiqueta
Sense etiquetes, Sigues el primer a etiquetar aquest registre!
|
MARC
| LEADER | 00000nam a2200000 a 4500 | ||
|---|---|---|---|
| 001 | UCM2962 | ||
| 003 | CL-VaPUC | ||
| 008 | 020621e20010000AG |||||||||||||||||spa|d | ||
| 020 | |a 9501261344 | ||
| 082 | 0 | 4 | |a 371.36 |b CAR |2 21 |
| 100 | 0 | |a Carozzi de Rojo, Mónica |e author |9 469738 | |
| 245 | 1 | 0 | |a Proyectos integrados en la E.G.B |
| 300 | |a 176 p | ||
| 942 | |c BK | ||
| 945 | |d 20020621 00:00:00 |a cmena | ||
| 260 | |a Buenos Aires |b Paidós |c 2001 | ||
| 650 | 0 | |a Métodos de enseñanza |9 270413 | |
| 650 | 7 | |a PROYECTOS EDUCACIONALES |2 CL-VaPUC |9 469739 | |
| 650 | 0 | |a Proyectos de investigación |9 259727 | |
| 650 | 0 | |a Planificación de la educación |9 307333 | |
| 650 | 0 | |a Planificación del currículo |9 269599 | |
| 650 | 0 | |a Educación básica |9 224933 | |
| 583 | |a last modification |c 20020621 00:00:00 |k Rodrigo Vera | ||
| 490 | 0 | |a Biblioteca de Cuestiones de Educación, 34 | |
| 999 | |c 300571 |d 300569 | ||
| 952 | |0 0 |1 0 |4 0 |6 371_360000000000000_CAR_2001 |7 0 |8 A |9 358495 |a BIBEDU |b BIBEDU |d 2019-11-21 |i 3820602 |o 371.36 CAR 2001 |p 3820602 |r 2019-11-21 |w 2019-11-21 |y BK |k EPE | ||
| 952 | |0 0 |1 0 |4 0 |6 371_360000000000000_CAR_2001 |7 0 |8 A |9 358496 |a BIBEDU |b BIBEDU |d 2019-11-21 |i 4031210 |o 371.36 CAR 2001 |p 4031210 |r 2019-11-21 |w 2019-11-21 |y BK |k EBA | ||